000 00386nam a2200169Ia 4500
008 230524s9999 xx 000 0 und d
020 _a8187522046
082 _a5.133
_bMOH
100 _aP.B.Mahapatra
245 0 _aThinking in C++
250 _a2ND
260 _aNEW DELHI
_bKhanna
_c2005
300 _aXVII;655
500 _aQuantity Number: 5
650 _aComp-Sc
942 _cBK
999 _c8726
_d8726